Canonical Duality Theory (Запис № 451942)

МАРК-запис
000 -LEADER
fixed length control field 04005nam a22005775i 4500
001 - CONTROL NUMBER
control field 978-3-319-58017-3
003 - CONTROL NUMBER IDENTIFIER
control field DE-He213
005 - DATE AND TIME OF LATEST TRANSACTION
control field 20210118145452.0
007 - PHYSICAL DESCRIPTION FIXED FIELD--GENERAL INFORMATION
fixed length control field cr nn 008mamaa
008 - FIXED-LENGTH DATA ELEMENTS--GENERAL INFORMATION
fixed length control field 171011s2017 gw | s |||| 0|eng d
020 ## - INTERNATIONAL STANDARD BOOK NUMBER
International Standard Book Number 9783319580173
-- 978-3-319-58017-3
024 7# - OTHER STANDARD IDENTIFIER
Standard number or code 10.1007/978-3-319-58017-3
Source of number or code doi
050 #4 - LIBRARY OF CONGRESS CALL NUMBER
Classification number QA402.5-402.6
072 #7 - SUBJECT CATEGORY CODE
Subject category code PBU
Source bicssc
072 #7 - SUBJECT CATEGORY CODE
Subject category code MAT003000
Source bisacsh
072 #7 - SUBJECT CATEGORY CODE
Subject category code PBU
Source thema
082 04 - DEWEY DECIMAL CLASSIFICATION NUMBER
Classification number 519.6
Edition number 23
245 10 - TITLE STATEMENT
Title Canonical Duality Theory
Medium [electronic resource] :
Remainder of title Unified Methodology for Multidisciplinary Study /
Statement of responsibility, etc edited by David Yang Gao, Vittorio Latorre, Ning Ruan.
250 ## - EDITION STATEMENT
Edition statement 1st ed. 2017.
264 #1 -
-- Cham :
-- Springer International Publishing :
-- Imprint: Springer,
-- 2017.
300 ## - PHYSICAL DESCRIPTION
Extent VIII, 377 p. 67 illus., 60 illus. in color.
Other physical details online resource.
336 ## -
-- text
-- txt
-- rdacontent
337 ## -
-- computer
-- c
-- rdamedia
338 ## -
-- online resource
-- cr
-- rdacarrier
347 ## -
-- text file
-- PDF
-- rda
490 1# - SERIES STATEMENT
Series statement Advances in Mechanics and Mathematics,
Міжнародний стандартний серійний номер для назви серії (ISSN) 1571-8689 ;
Том/ позначення послідовності 37
520 ## - SUMMARY, ETC.
Summary, etc This book on canonical duality theory provides a comprehensive review of its philosophical origin, physics foundation, and mathematical statements in both finite- and infinite-dimensional spaces. A ground-breaking methodological theory, canonical duality theory can be used for modeling complex systems within a unified framework and for solving a large class of challenging problems in multidisciplinary fields in engineering, mathematics, and the sciences. This volume places a particular emphasis on canonical duality theory’s role in bridging the gap between non-convex analysis/mechanics and global optimization.  With 18 total chapters written by experts in their fields, this volume provides a nonconventional theory for unified understanding of the fundamental difficulties in large deformation mechanics, bifurcation/chaos in nonlinear science, and the NP-hard problems in global optimization. Additionally, readers will find a unified methodology and powerful algorithms for solving challenging problems in complex systems with real-world applications in non-convex analysis, non-monotone variational inequalities, integer programming, topology optimization, post-buckling of large deformed structures, etc. Researchers and graduate students will find explanation and potential applications in multidisciplinary fields. .
506 ## - RESTRICTIONS ON ACCESS NOTE
Terms governing access Available to subscribing member institutions only. Доступно лише організаціям членам підписки.
506 ## - RESTRICTIONS ON ACCESS NOTE
Standardized terminology for access restriction Online access from local network of NaUOA.
506 ## - RESTRICTIONS ON ACCESS NOTE
Standardized terminology for access restriction Online access with authorization at https://link.springer.com/
506 ## - RESTRICTIONS ON ACCESS NOTE
Standardized terminology for access restriction Онлайн-доступ з локальної мережі НаУОА.
506 ## - RESTRICTIONS ON ACCESS NOTE
Standardized terminology for access restriction Онлайн доступ з авторизацією на https://link.springer.com/
650 #0 - SUBJECT ADDED ENTRY--TOPICAL TERM
Topical term or geographic name as entry element Mathematical optimization.
650 #0 - SUBJECT ADDED ENTRY--TOPICAL TERM
Topical term or geographic name as entry element Mechanics.
650 14 - SUBJECT ADDED ENTRY--TOPICAL TERM
Topical term or geographic name as entry element Optimization.
-- http://scigraph.springernature.com/things/product-market-codes/M26008
650 24 - SUBJECT ADDED ENTRY--TOPICAL TERM
Topical term or geographic name as entry element Classical Mechanics.
-- http://scigraph.springernature.com/things/product-market-codes/P21018
700 1# - ADDED ENTRY--PERSONAL NAME
Personal name Gao, David Yang.
Relator term editor.
Relator code edt
-- http://id.loc.gov/vocabulary/relators/edt
700 1# - ADDED ENTRY--PERSONAL NAME
Personal name Latorre, Vittorio.
Relator term editor.
Relator code edt
-- http://id.loc.gov/vocabulary/relators/edt
700 1# - ADDED ENTRY--PERSONAL NAME
Personal name Ruan, Ning.
Relator term editor.
Relator code edt
-- http://id.loc.gov/vocabulary/relators/edt
710 2# - ADDED ENTRY--CORPORATE NAME
Corporate name or jurisdiction name as entry element SpringerLink (Online service)
773 0# - HOST ITEM ENTRY
Title Springer eBooks
776 08 - ADDITIONAL PHYSICAL FORM ENTRY
Display text Printed edition:
International Standard Book Number 9783319580166
776 08 - ADDITIONAL PHYSICAL FORM ENTRY
Display text Printed edition:
International Standard Book Number 9783319580180
776 08 - ADDITIONAL PHYSICAL FORM ENTRY
Display text Printed edition:
International Standard Book Number 9783319863054
830 #0 - SERIES ADDED ENTRY--UNIFORM TITLE
Uniform title Advances in Mechanics and Mathematics,
-- 1571-8689 ;
Volume number/sequential designation 37
856 40 - ELECTRONIC LOCATION AND ACCESS
Uniform Resource Identifier <a href="https://doi.org/10.1007/978-3-319-58017-3">https://doi.org/10.1007/978-3-319-58017-3</a>
912 ## -
-- ZDB-2-SMA
942 ## - ADDED ENTRY ELEMENTS (KOHA)
Koha item type ЕКнига

Немає доступних примірників.